UBT Library

ENCYCLOPEDIA OF ASTRONOMY AND ASTROPHYSICS (Record no. 58855)

000 -LEADER
fixed length control field 00372nam a22001457a 4500
008 - FIXED-LENGTH DATA ELEMENTS--GENERAL INFORMATION
fixed length control field 221111b ||||| |||| 00| 0 eng d
020 ## - INTERNATIONAL STANDARD BOOK NUMBER
International Standard Book Number 1561592684
041 ## - LANGUAGE CODE
Language code of text/sound track or separate title eng
080 ## - UNIVERSAL DECIMAL CLASSIFICATION NUMBER
Edition identifier volume 1 volume 2 volume 3 volume 4
Universal Decimal Classification number 521
082 ## - DEWEY DECIMAL CLASSIFICATION NUMBER
Classification number 521 MUR
100 ## - Rafti
Rafti 19.1
101 ## - Shkurtesa
Shkurtesa ASTRO
245 ## - TITLE STATEMENT
Title ENCYCLOPEDIA OF ASTRONOMY AND ASTROPHYSICS
Statement of responsibility, etc MURDIN P
942 ## - ADDED ENTRY ELEMENTS (KOHA)
Source of classification or shelving scheme
Item type Books
Holdings
Withdrawn status Lost status Source of classification or shelving scheme Damaged status Not for loan Collection code Permanent location Current location Date acquired Total Checkouts Full call number Barcode Date last seen Price effective from Koha item type
          Koleksioni i përgjithshem UBT - Lipjan UBT - Lipjan 11/11/2022   521 MUR 002-800028700260608 11/11/2022 11/11/2022 Books
          Koleksioni i përgjithshem UBT - Lipjan UBT - Lipjan 11/11/2022   521 MUR 002-800028700260609 11/11/2022 11/11/2022 Books
          Koleksioni i përgjithshem UBT - Lipjan UBT - Lipjan 11/11/2022   521 MUR 002-800028700260610 11/11/2022 11/11/2022 Books
          Koleksioni i përgjithshem UBT - Lipjan UBT - Lipjan 11/11/2022   521 MUR 002-800028700260611 11/11/2022 11/11/2022 Books
UBT Library © 2015-2024. All rights reserved University Education for Business and Technology